| 000 | 00891cab a2200265 4500 | ||
|---|---|---|---|
| 001 | WB3302-12 | ||
| 008 | 090401t1997 xxu||||| |||| 00| 0 eng d | ||
| 035 | _a(Sirsi) u19425 | ||
| 041 | _aeng | ||
| 245 | _aScottish offices | ||
| 260 | _c1997 | ||
| 350 | _a0 | ||
| 490 |
_aHerald _v9 January 1997, 27(1) |
||
| 520 | _aThe Richard Ellis Scottish Monthly Index showed a decline of 4.6% in the capital values of Scottish offices during 1996. | ||
| 650 | _aCAPITAL VALUES | ||
| 650 | _aINDUSTRIAL MARKET | ||
| 650 | _aPROPERTY-COMMERCIAL PROPERTY-OFFICE PROPERTY-OFFICE PROPERTY MARKET | ||
| 650 | _aPROPERTY-COMMERCIAL PROPERTY-RETAIL PROPERTY-RETAIL PROPERTY MARKET | ||
| 650 | _aRICHARD ELLIS SCOTTISH MONTHLY INDEX | ||
| 650 | _aSCOTLAND | ||
| 650 | _aSTATISTICS | ||
| 690 | _aPROPERTY-COMMERCIAL PROPERTY-COMMERCIAL PROPERTY MARKET | ||
| 942 | _n0 | ||
| 948 | _c04/03/1997 | ||
| 999 |
_c12965 _d12965 |
||